| 000 | 00307nam a22000977a 4500 | ||
|---|---|---|---|
| 008 | 140219t xxu||||| |||| 00| 0 eng d | ||
| 100 |
_aDany Spencer Adams _9763 |
||
| 245 |
_aLab Math _ba handbook of measurements, calculations, and other quantitative skills for use at the bench |
||
| 300 | _a275 | ||
| 942 |
_2ddc _cBK |
||
| 999 |
_c17020 _d17020 |
||